[Event "Irish Championship 2010"]
[Site "Dublin IRL"]
[Date "2010.07.03"]
[Round "1"]
[White "Cafolla, Peter"]
[Black "Brady, Stephen"]
[Result "0-1"]
[BlackTitle "FM"]
[WhiteElo "2090"]
[BlackElo "2376"]
[WhiteICU "2028"]
[BlackICU "2354"]
[WhiteClub "Rathmines"]
[BlackClub "Phibsboro"]
[WhiteNationality "IRL"]
[BlackNationality "IRL"]
[WhiteFideId "2500884"]
[BlackFideId "2500124"]
[PlyCount "92"]
[EventDate "2010.07.03"]

{ Annotator: Peter Cafolla, <a
href="https://www.irlchess.com/irlch2010_allfiles/icj_1010.pdf#page=9">Irish
Chess Journal, October 2010, pp. 9-10</a>. } { Event information: <a
href="https://www.irlchess.com/irlch2010_allfiles/pairings_irlch2010.html">Tournament
report</a>. } { &ldquo;I wrote these annotations originally for my own use
with the idea of identifying faults then setting about eliminating them. I
had no intention of publishing my notes but then thought &ldquo;what the
hell&rdquo;, it may help weaker players to see how I think during a game
and it may attract some feedback from stronger players who might offer some
advice or comment. I would be interested to know if better players than me
ever have similar experiences during a game.&rdquo; }

1. e4 e5 2. Nf3 d6 { &ldquo;A surprise, and an opening that I had not
prepared in any depth.&rdquo; } 3. d4 Nf6 4. Nc3 ({ &ldquo;If } 4. dxe5
Nxe4 5. Qd5 Nc5 6. Bg5 Qd7 7. exd6 Bxd6 8. Nc3 O-O 9. O-O-O { is possible
but I didn't know this line.&rdquo; }) 4... Nbd7 5. dxe5 { &ldquo;It was
probably better to maintain the tension.&rdquo; } 5... dxe5 6. Bc4 Bc5 7.
O-O O-O 8. Qe2 ({ &ldquo; } 8. Bg5 { seems to be more popular here but
White's results aren't very good with it.&rdquo; }) 8... c6 9. a4 {
&ldquo;I like this move. As I discovered v Clery in Prague White can't
allow Black easy Q-side expansion.&rdquo; } 9... Qc7 10. h3 { &ldquo;This
probably isn't necessary especially since a black knight cannot easily get
to d4 in the event of Bg4.&rdquo; } 10... h6 { &ldquo;Also unnecessary and
creates a hook for a white pawn attack.&rdquo; } 11. Nh4 { &ldquo;A good
idea but a little impatient better to just keep developing with Be3 or
Rd1.&rdquo; } 11... Re8 12. Nf5 Nf8 $6 ({ &ldquo; } 12... Nb6 { is better,
then chopping on f5. &rdquo; }) 13. Be3 { &ldquo;By now I've realised my
knight sortie isn't such a good idea so try to justify it
tactically.&rdquo; } 13... Bb4 14. Qf3 $1 { &ldquo;Now an exchange on f5
isn't so disadvantageous.&rdquo; } 14... Be6 $6 { &ldquo;Taking on either
f5 or c3 is better.&rdquo; } 15. Bxe6 Rxe6 16. Ne2 ({ &ldquo;Or } 16. Na2 {
.&rdquo; }) 16... Ba5 17. Rad1 Bb6 18. Bc1 $1 { &ldquo;The Bishop is an
important attacking piece.&rdquo; } 18... Rd8 19. h4 $6 { &ldquo;This I
felt was the critical point of the game so I should not have moved until I
was completely happy with my choice. h4 is not a bad move in itself but I
have to question my reasons for making it. Firstly I felt that I had an
advantage and should be attacking, this is probably true up to a point but
my advantage is only about half a pawn and my dominance on the K-side not
so great that I can expect a hurried attack to be successful. The second
important factor is that I have a bad record against Brady in recent years
so I was determined to show that I didn't fear him, this coupled with a
belief that I shouldn't let him off the hook yet again. I considered moves
like g4, Rxd8 and Neg3 (probably best) but couldn't find anything
convincing then opted for h4 which is in no way convincing either. The
difference between h4 and say Neg3 is that h4 causes weaknesses and cannot
be taken back.&rdquo; } 19... Rxd1 20. Rxd1 h5 { &ldquo;Fairly obvious yet
I hadn't really considered it. In fact, looking back, I don't think I
analysed any concrete variations after h4.&rdquo; } 21. Neg3 g6 22. Ne3 ({
&ldquo;Fritz likes } 22. Nh6+ { too but only a machine could play a move
like that.&rdquo; }) 22... Rd6 23. Rxd6 Qxd6 24. Nc4 Qe6 25. Nxb6 axb6 26.
b3 N8d7 27. Qe2 Qd6 28. Bb2 $6 { &ldquo;The Bishop would be better employed
on e3.&rdquo; } 28... Nc5 29. f4 $4 ({ &ldquo;This is lunacy when the
obvious } 29. f3 { would have maintained equality. I no longer had any
advantage but was reluctant to switch to &ldquo;drawing mode&rdquo;. This
time too there were spectators at the board and I got a fit of bravado.
Finally, and most alarmingly, I just saw the cheap tactic exf4 e5 (which
doesn't even work) and blazed ahead with no analysis of variations. My
"justification" for the whole silly idea was some vague notion of
increasing the range of my Bishop.&rdquo; }) 29... Ng4 ({ &ldquo;Better was
simply } 29... exf4 30. e5 Qe7 { when my Knight being en prise shows how
rubbish my plan was.&rdquo; }) 30. f5 Qf6 { &ldquo;My whole position just
collapses now, the rest needs no explanation.&rdquo; } 31. fxg6 fxg6 32.
Qf3 Qxh4 33. b4 Ne6 34. Nf1 Qe1 35. Bc3 Qc1 36. Bxe5 Qxc2 37. Ba1 Qc4 38.
Qc3 Qxc3 39. Bxc3 Nf4 40. Bd2 Ne2+ 41. Kh1 Nf2+ 42. Kh2 Nxe4 43. Be3 N2c3
44. Nd2 Nxd2 45. Bxd2 Nxa4 46. Kg3 Kf7 { &ldquo;So to summarize: 1.
Insufficient knowledge of the opening. 2. Impetuously attacking. 3. NOT
analysing variations at critical times. 4. Silly bravado. 5. Not taking
enough time to re-adjust my thinking at crucial turning points. 6. Possible
tiredness.&rdquo; } 0-1

[Event "Irish Championship 2010"]
[Site "Dublin IRL"]
[Date "2010.07.03"]
[Round "1"]
[White "Rodriguez Lopez, Rafael"]
[Black "O'Rourke, Ray"]
[Result "1-0"]
[WhiteTitle "IM"]
[WhiteElo "2312"]
[BlackElo "2066"]
[BlackICU "1932"]
[BlackClub "Bray/Greystones"]
[WhiteNationality "ESP"]
[BlackNationality "IRL"]
[WhiteFideId "2204495"]
[BlackFideId "2501023"]
[PlyCount "72"]
[EventDate "2010.07.03"]

{ Event information: <a
href="https://www.irlchess.com/irlch2010_allfiles/pairings_irlch2010.html">Tournament
report</a>. }

1. e4 e6 2. d4 d5 3. Nc3 Nf6 4. e5 Ne4 5. Nxe4 dxe4 6. Bc4 Nd7 7. Ne2 c5 8.
c3 Qc7 9. Bb3 b5 10. O-O Bb7 11. Ng3 O-O-O 12. Qe2 Qc6 13. Bc2 cxd4 14.
Bxe4 Qc4 15. Bxb7+ Kxb7 16. Qxc4 bxc4 17. cxd4 Nb6 18. Be3 Nd5 19. Ne4 Be7
20. Rac1 Rc8 21. Nc5+ Bxc5 22. dxc5 Nxe3 23. fxe3 Rxc5 24. Rxf7+ Kb6 25.
Rxg7 Rd8 26. Rc2 Rxe5 27. Rxh7 Rg8 28. Rh4 Kb5 29. Kf2 a5 30. Rf4 a4 31. a3
Rc5 32. g4 e5 33. Rf5 c3 34. Rxc3 Rxc3 35. bxc3 Kc4 36. g5 Kb3 1-0

[Event "Irish Championship 2010"]
[Site "Dublin IRL"]
[Date "2010.07.03"]
[Round "1"]
[White "Murray, David"]
[Black "Wallace, Paul"]
[Result "0-1"]
[WhiteElo "2021"]
[BlackElo "2242"]
[WhiteICU "1962"]
[BlackICU "2194"]
[WhiteClub "Gonzaga"]
[BlackClub "Lichfield ENG"]
[WhiteNationality "IRL"]
[BlackNationality "IRL"]
[WhiteFideId "2501511"]
[BlackFideId "2500892"]
[PlyCount "52"]
[EventDate "2010.07.03"]

{ Event information: <a
href="https://www.irlchess.com/irlch2010_allfiles/pairings_irlch2010.html">Tournament
report</a>. }

1. e4 e5 2. Nf3 Nc6 3. d4 exd4 4. Nxd4 Qf6 5. Be3 Bc5 6. c3 Nge7 7. Bc4 b6
8. O-O Bb7 9. a3 O-O-O 10. b4 d5 11. exd5 Bxd4 12. Qg4+ Kb8 13. dxc6 Qxc6
14. Bxf7 h5 15. Qf3 Qd7 16. Qe2 Nf5 17. Bxd4 Qxf7 18. Rd1 Qg6 19. f3 h4 20.
Nd2 h3 21. Ne4 Nh4 22. g3 Nxf3+ 23. Qxf3 Bxe4 24. Qe3 Rhe8 25. Rd2 Bb7 26.
Qf4 Qc6 0-1

[Event "Irish Championship 2010"]
[Site "Dublin IRL"]
[Date "2010.07.03"]
[Round "1"]
[White "Lopez, Alex"]
[Black "Quinn, Ciaran"]
[Result "1-0"]
[WhiteTitle "FM"]
[WhiteElo "2367"]
[BlackElo "2104"]
[BlackICU "1943"]
[BlackClub "Elm Mount"]
[WhiteNationality "IRL"]
[BlackNationality "IRL"]
[WhiteFideId "2501430"]
[BlackFideId "2500817"]
[PlyCount "43"]
[EventDate "2010.07.03"]
[BlackFullName "Quinn, Ciar&aacute;n"]

{ Event information: <a
href="https://www.irlchess.com/irlch2010_allfiles/pairings_irlch2010.html">Tournament
report</a>. }

1. Nf3 d5 2. g3 Nf6 3. Bg2 e6 4. O-O Be7 5. d3 b6 6. e4 dxe4 7. dxe4 Nxe4
8. Ng5 Bxg5 9. Bxg5 Qxg5 10. Bxe4 c6 11. Nc3 O-O 12. Qd6 Ba6 13. Rfd1 Bc4
14. Bxh7+ Kxh7 15. Qxf8 Nd7 16. Qxa8 Ne5 17. f4 Nf3+ 18. Kf2 Qh5 19. Qxc6
Nxh2 20. Kg2 Bd5+ 21. Nxd5 Qf3+ 22. Kxh2 1-0

[Event "Irish Championship 2010"]
[Site "Dublin IRL"]
[Date "2010.07.03"]
[Round "1"]
[White "Benson, Oisin P."]
[Black "Daly, Colm"]
[Result "0-1"]
[BlackTitle "FM"]
[WhiteElo "2062"]
[BlackElo "2322"]
[WhiteICU "1970"]
[BlackICU "2303"]
[WhiteClub "St. Benildus"]
[BlackClub "Bray/Greystones"]
[WhiteNationality "IRL"]
[BlackNationality "IRL"]
[WhiteFideId "2501821"]
[BlackFideId "2500434"]
[PlyCount "70"]
[EventDate "2010.07.03"]
[WhiteFullName "Benson, Ois&iacute;n P."]

{ Event information: <a
href="https://www.irlchess.com/irlch2010_allfiles/pairings_irlch2010.html">Tournament
report</a>. }

1. d4 Nf6 2. c4 e6 3. Nc3 Bb4 4. a3 Bxc3+ 5. bxc3 c5 6. e3 Nc6 7. Bd3 d6 8.
Ne2 e5 9. O-O b6 10. Ng3 O-O 11. d5 Na5 12. f4 e4 13. Nxe4 Nxe4 14. Bxe4 f5
15. Bd3 Ba6 16. Rb1 Qd7 17. Qe2 Rae8 18. Rf3 Qa4 19. Rh3 Bxc4 20. Bxc4 Nxc4
21. Qh5 h6 22. Qe2 Na5 23. c4 Qxc4 24. Qd1 Qe4 25. Rb2 Re7 26. g4 fxg4 27.
Qxg4 Rf6 28. Rg3 Qf5 29. Qh4 Ref7 30. Re2 Qb1 31. Re1 Nb3 32. Bd2 Qc2 33.
Rg2 Nxd2 34. Qf2 Rg6 35. Qxd2 Qxd2 0-1

[Event "Irish Championship 2010"]
[Site "Dublin IRL"]
[Date "2010.07.03"]
[Round "1"]
[White "Short, Philip"]
[Black "Delaney, Killian"]
[Result "1-0"]
[WhiteTitle "FM"]
[WhiteElo "2296"]
[BlackElo "2034"]
[WhiteICU "2238"]
[BlackICU "1999"]
[BlackClub "Rathmines"]
[WhiteNationality "IRL"]
[BlackNationality "IRL"]
[WhiteFideId "2500086"]
[BlackFideId "2501570"]
[PlyCount "92"]
[EventDate "2010.07.03"]

{ Event information: <a
href="https://www.irlchess.com/irlch2010_allfiles/pairings_irlch2010.html">Tournament
report</a>. }

1. d4 Nf6 2. Nf3 g6 3. c4 Bg7 4. Nc3 O-O 5. e4 d6 6. Be2 e5 7. O-O Nc6 8.
d5 Ne7 9. b4 Nh5 10. Re1 f5 11. Ng5 Nf6 12. Bf1 Nxe4 13. Ngxe4 fxe4 14.
Nxe4 Bf5 15. Bb2 a5 16. bxa5 Bxe4 17. Rxe4 Rxa5 18. Bc3 Ra7 19. f4 Qa8 20.
fxe5 Rxa2 21. Rxa2 Qxa2 22. Qe2 Qxe2 23. Bxe2 Nc8 24. Bg4 dxe5 25. Bxe5 Nd6
26. Be6+ Kh8 27. Rf4 Rxf4 28. Bxf4 Bd4+ 29. Kf1 Kg7 30. Ke2 Nxc4 31. Bxc7
Be5 32. Bxe5+ Nxe5 33. Ke3 Kf6 34. Kd4 b6 35. Bg8 h6 36. d6 Nc6+ 37. Kd5
Nd8 38. Ke4 Nb7 39. Kd5 Nd8 40. h4 b5 41. Kc5 Ke5 42. Bd5 b4 43. d7 g5 44.
h5 Kf5 45. Kd6 Kf6 46. Kc7 Ke7 1-0

[Event "Irish Championship 2010"]
[Site "Dublin IRL"]
[Date "2010.07.03"]
[Round "1"]
[White "Fitzsimons, David"]
[Black "Butler, Kevin C."]
[Result "0-1"]
[WhiteElo "2263"]
[BlackElo "2054"]
[WhiteICU "2260"]
[BlackICU "1955"]
[WhiteClub "Elm Mount"]
[BlackClub "Phibsboro"]
[WhiteNationality "IRL"]
[BlackNationality "IRL"]
[WhiteFideId "2501961"]
[BlackFideId "2501538"]
[PlyCount "52"]
[EventDate "2010.07.03"]

{ Event information: <a
href="https://www.irlchess.com/irlch2010_allfiles/pairings_irlch2010.html">Tournament
report</a>. }

1. e4 e5 2. Nf3 Nc6 3. d4 exd4 4. Nxd4 Nf6 5. Nxc6 bxc6 6. Bd3 d5 7. e5 Ng4
8. O-O Bc5 9. Qe2 Qh4 10. h3 h5 11. Nd2 Qg3 12. Nf3 h4 13. b4 Bb6 14. c4
dxc4 15. Be4 Nxf2 16. Rxf2 Bxh3 17. Bxc6+ Kf8 18. Be3 Rd8 19. Bxb6 axb6 20.
Qxc4 Be6 21. Qe2 h3 22. Rd1 Ke7 23. Nd4 h2+ 24. Kh1 Rh6 25. Nxe6 Qxf2 26.
Qf1 Qg1+ 0-1

[Event "Irish Championship 2010"]
[Site "Dublin IRL"]
[Date "2010.07.04"]
[Round "2"]
[White "Brady, Stephen"]
[Black "Orr, Mark J. L."]
[Result "0-1"]
[WhiteTitle "FM"]
[BlackTitle "IM"]
[WhiteElo "2376"]
[BlackElo "2247"]
[WhiteICU "2354"]
[BlackICU "2174"]
[WhiteClub "Phibsboro"]
[BlackClub "Wandering Dragons SCO"]
[WhiteNationality "IRL"]
[BlackNationality "IRL"]
[WhiteFideId "2500124"]
[BlackFideId "2500035"]
[PlyCount "122"]
[EventDate "2010.07.03"]

{ Annotator: Stephen Brady, <a href="https://www.icu.ie/games/29554">ICU
games archive</a>. } { Event information: <a
href="https://www.irlchess.com/irlch2010_allfiles/pairings_irlch2010.html">Tournament
report</a>. }

1. Nf3 d5 2. g3 c6 3. Bg2 Bg4 4. O-O Nf6 5. c4 e6 6. Qb3 Qb6 7. Qc2 Nbd7 8.
d3 Be7 9. cxd5 exd5 10. Nc3 O-O 11. h3 Bxf3 12. Bxf3 d4 13. Ne4 Nxe4 14.
Bxe4 Nf6 15. Bf3 Qd8 16. Qc4 Qd7 17. Kh2 c5 18. Bd2 Rac8 19. a4 h6 20. Rfc1
Bd6 21. Kg2 b6 22. Rc2 (22. b4 cxb4 23. Qxd4 Qe6 24. Rab1 Bc5 25. Qc4 a5
26. d4 Be7 27. Qxe6 fxe6 28. e4 $10) 22... a5 23. Qa6 Rb8 24. Rc4 Rfc8 25.
Rac1 Rc7 26. e3 Be5 (26... dxe3 27. Bxe3 Be5 28. d4 Bxd4 (28... cxd4 29.
Rxc7 Bxc7 30. Bxd4 Qxd4 31. Rxc7 Qxb2 32. Qa7 Rf8 33. Rb7 $10) 29. Bxd4 Ra7
30. Qb5 Qxb5 31. axb5 cxd4 32. Rxd4 Rd7 33. Rxd7 Nxd7 34. Rc7 Ne5 35. Be4
Rd8 36. Rb7 Nc4 37. Bb1 $14) 27. exd4 Bxd4 28. Rxd4 Qxd4 (28... cxd4 29.
Rxc7 Qxc7 30. Bf4 Qd8 31. Bb7 Nd7 32. Bxb8 Qxb8 33. Bd5 Nf6 34. Bc4) 29.
Bf4 Rcc8 30. Qa7 Qd8 31. Bxb8 Rxb8 32. d4 Nd7 33. dxc5 Nxc5 34. Rd1 Qf8 35.
Bd5 Kh8 36. b3 f5 37. Qc7 Ne4 38. Re1 Qd6 39. Qxd6 Nxd6 40. Re6 Rd8 41. Kf3
$1 Nf7 42. Re8+ Rxe8 43. Bxf7 Re5 $2 (43... Rf8) (43... Re4) 44. Kf4 Rc5
45. h4 Rc7 46. Bg6 Rc3 47. Bf7 g6 48. Bxg6 Rxb3 49. Be8 (49. Bxf5 Rb4+ 50.
Ke5 Rxa4 51. Kf6 b5 52. g4 b4 53. g5 hxg5 54. hxg5 b3 55. g6 Rf4 $19) 49...
Kg7 50. Kxf5 Rf3+ 51. Ke6 Rxf2 52. Kd6 Rc2 53. Bc6 Kf6 54. Kc7 (54. g4 Rb2
55. Be8 Rb4 56. Kc7 Ke7 57. Bc6 Ke6 58. g5 h5 59. Be8 Ke7 60. Bc6 {
&ldquo;Worth looking at in more detail. I think this might be a draw,
because the black king can't commit too far to the kingside without
allowing white to play Kb7-a6 followed by Bb5.&rdquo; } { &#91;RR } 60...
Rxh4 61. Kxb6 Rg4 62. Kxa5 Rxg5+ { is winning for Black, per tablebases; in
particular, } 63. Kb6 Rg6 $1 64. a5 Rxc6+ $1 { wins.&#93; }) 54... Rb2 55.
Kb7 Ke5 56. g4 Kd6 57. g5 hxg5 58. hxg5 Kc5 59. g6 Re2 60. Bb5 Re6 61. Bd3
b5 0-1

[Event "Irish Championship 2010"]
[Site "Dublin IRL"]
[Date "2010.07.04"]
[Round "2"]
[White "Delaney, Killian"]
[Black "Cafolla, Peter"]
[Result "0-1"]
[WhiteElo "2034"]
[BlackElo "2090"]
[WhiteICU "1999"]
[BlackICU "2028"]
[WhiteClub "Rathmines"]
[BlackClub "Rathmines"]
[WhiteNationality "IRL"]
[BlackNationality "IRL"]
[WhiteFideId "2501570"]
[BlackFideId "2500884"]
[PlyCount "68"]
[EventDate "2010.07.03"]

{ Annotator: Peter Cafolla, <a
href="https://www.irlchess.com/irlch2010_allfiles/icj_1010.pdf#page=8">Irish
Chess Journal, October 2010, pp. 9-10</a>. } { Event information: <a
href="https://www.irlchess.com/irlch2010_allfiles/pairings_irlch2010.html">Tournament
report</a>. }

1. e4 e5 2. Nf3 Nc6 3. Bc4 Be7 4. d4 d6 5. dxe5 dxe5 { &ldquo;Swapping
monarchs now would give White a theoretical edge but Queen-less middle
games don't suit Killian's style.&rdquo; } 6. Qe2 Bg4 7. Bb5 Qd6 8. Bxc6+
bxc6 { &ldquo;Recapturing with the Queen would just lose a pawn to
Nxe5.&rdquo; } 9. Nbd2 f6 10. h3 Bh5 ({ &ldquo; } 10... Be6 { is probably
better to influence the centre.&rdquo; }) 11. g4 $6 { &ldquo;This just
drives my Bishop to a better diagonal and weakens Whites K-side.&rdquo; }
11... Bf7 12. Nh4 $6 { &ldquo;As often happens one poor move follows
another, Killian maybe hasn't heard that &ldqo;a Knight on the rim is
dim&rdquo;, nevertheless the position is only level.&rdquo; } 12... g6 13.
Ndf3 $6 { &ldquo;Not content with misplacing one Knight he tries to justify
it by tying down the other. The problem was that Black could play f5 at any
moment.&rdquo; } 13... Qb4+ $6 ({ &ldquo;My turn to start messing about.
The simple } 13... Rd8 { gave me a nice += but I wanted to make some room
for my Bishop on e7 and consequently my Knight. }) 14. c3 Qc4 15. Qc2 Rd8
16. Be3 Bc5 $4 ({ &ldquo;A really cretinous move made after some shallow
analysis of the variations. The move my instinct was roaring at me to play
was } 16... a5 { when Black has the better game.&rdquo; }) 17. b3 $2 ({
&ldquo;Sloppy play by Killian too. } 17. Nd2 Qb5 18. a4 Qb6 19. a5 Qb5 20.
c4 Qb4 21. Ra4 $1 { wins the exchange. I seem to remember Carlsen missing
something similar against Howell in Corus this year.&rdquo; }) 17... Qb5
18. a4 Qb6 19. a5 Qb5 20. c4 Bb4+ 21. Ke2 ({ &ldquo; } 21. Bd2 ({ or } 21.
Kf1) { was better but I guess Killian wanted to keep his rooks
connected.&rdquo; }) 21... Qa6 { &ldquo;My silly manoeuvres on the Q-side
have resulted in my Queen being marginalised but Black is still probably
slightly better due to Whites misplaced King and dim Knight.&rdquo; } 22.
g5 Be7 ({ &ldquo; } 22... Bd6 { was a better defence.&rdquo; }) 23. Qc3 h6
24. gxh6 $6 ({ &ldquo;Wrong pawn, after } 24. gxf6 Bxf6 25. Nxe5 { White
wins a pawn but Black has enough compensation because of the niggling pin
on e5.&rdquo; }) 24... Nxh6 25. Rhd1 Rxd1 $1 { &ldquo;A good move as the
idea Rxd8 Nxe5 was in the air for White.&rdquo; } 26. Rxd1 g5 27. Nxg5 $1 {
&ldquo;An excellent sacrifice.&rdquo; } 27... fxg5 28. Qxe5 $2 ({
&ldquo;White blows his big chance. } 28. Bxg5 $1 Bh5+ 29. f3 Nf7 30. Bxe7
Kxe7 31. Qb4+ $1 Kf6 32. Rd7 Re8 33. Rxc7 $18 { .&rdquo; }) ({ &#91;RR
After } 28. Bxg5 Bh5+ 29. f3 { , } 29... Bd6 $16 { improves, though White
is still much better.&#93; }) 28... Bh5+ $2 ({ &ldquo;Now I go wrong again.
} 28... Bxc4+ $1 29. bxc4 Qxc4+ 30. Rd3 gxh4 { just wins.&rdquo; }) 29. f3
Nf7 30. Qf5 $4 ({ &ldquo;Killian picked up his Queen here to play Qe6 then
panicked for some reason (possibly seeing the harmless Rh6) and put it on
f5 where it does nothing. If he had played the correct } 30. Qe6 { I had
planned } 30... gxh4 31. Rd7 { then the amazingly surprising } 31... O-O $3
{ when everything holds nicely.&rdquo; }) 30... gxh4 31. Rd7 c5 32. Rxe7+
Kxe7 33. Bxc5+ Kd8 34. Qd5+ Ke8 0-1

[Event "Irish Championship 2010"]
[Site "Dublin IRL"]
[Date "2010.07.04"]
[Round "2"]
[White "Porter, Liam"]
[Black "Keogh, Eamon"]
[Result "0-1"]
[BlackTitle "NM"]
[WhiteElo "1976"]
[BlackElo "2047"]
[WhiteICU "1863"]
[BlackICU "1892"]
[WhiteClub "Elm Mount"]
[BlackClub "Kilkenny"]
[WhiteNationality "IRL"]
[BlackNationality "IRL"]
[WhiteFideId "2502992"]
[BlackFideId "2500264"]
[PlyCount "96"]
[EventDate "2010.07.03"]

{ Event information: <a
href="https://www.irlchess.com/irlch2010_allfiles/pairings_irlch2010.html">Tournament
report</a>. }

1. e4 c6 2. d4 d5 3. Nc3 dxe4 4. Nxe4 Nf6 5. Ng3 e5 6. Qe2 Qxd4 7. Nf3 Bb4+
8. Nd2 Bxd2+ 9. Qxd2 Qxd2+ 10. Bxd2 Be6 11. Bd3 g6 12. Bc3 Nbd7 13. f4
O-O-O 14. O-O Nd5 15. Bxe5 Nxe5 16. fxe5 Nb4 17. Ne4 Nxd3 18. cxd3 Rxd3 19.
Nd6+ Kc7 20. Nxf7 Rf8 21. Ng5 Rxf1+ 22. Rxf1 Bd5 23. a3 h6 24. Nf3 Kd7 25.
Nh4 Rd2 26. Rf2 Rd1+ 27. Rf1 Rxf1+ 28. Kxf1 Be4 29. Ke2 Ke6 30. Nf3 Bxf3+
31. Kxf3 Kxe5 32. Ke3 c5 33. a4 b6 34. Kd3 Kd5 35. h4 h5 36. b3 a6 37. Ke3
b5 38. axb5 axb5 39. Kf4 c4 40. bxc4+ bxc4 41. Kg5 c3 42. Kxg6 c2 43. Kxh5
c1=Q 44. g4 Ke6 45. g5 Kf7 46. Kh6 Qc6+ 47. Kh5 Kg7 48. Kg4 Qe4+ 0-1